000
00294nam a22001337a 4500
008
170420b xxu||||| |||| 00| 0 eng d
020
_a
9780393124941
041
_a
eng
080
_a
573
100
_a
11
101
_a
SHM
245
_a
DISCOVERIBG BIOLOGYLAB
_c
SCULLY.T.A
942
_2
udc
_c
BK
999
_c
11374
_d
11374